લઘુવાક્યવૃત્તિ (Record no. 29886)
[ view plain ]
| 000 -LEADER | |
|---|---|
| fixed length control field | 00747nam a2200253Ia 4500 |
| 041 ## - LANGUAGE CODE | |
| Language code of text/sound track or separate title | guj |
| 082 ## - DEWEY DECIMAL CLASSIFICATION NUMBER | |
| Classification number | ક.૪ |
| Item number | શંકરા/લઘુ |
| 008 - FIXED-LENGTH DATA ELEMENTS--GENERAL INFORMATION | |
| fixed length control field | 190320s9999||||xx |||||||||||||| ||und|| |
| 100 ## - MAIN ENTRY--PERSONAL NAME | |
| Personal name | શંકરાચાર્ય |
| 245 #0 - TITLE STATEMENT | |
| Title | લઘુવાક્યવૃત્તિ |
| Statement of responsibility, etc. | Laghuvakya Vrutti |
| 250 ## - EDITION STATEMENT | |
| Edition statement | 1st ed. |
| 260 ## - PUBLICATION, DISTRIBUTION, ETC. | |
| Place of publication, distribution, etc. | Santrampur |
| Name of publisher, distributor, etc. | Rajkumari Anandkuvarba Sa |
| Date of publication, distribution, etc. | 2012 |
| 300 ## - PHYSICAL DESCRIPTION | |
| Extent | 192 p. |
| 500 ## - GENERAL NOTE | |
| General note | 100 Years |
| 650 ## - SUBJECT ADDED ENTRY--TOPICAL TERM | |
| Topical term or geographic name entry element | Philosophy - India |
| 650 ## - SUBJECT ADDED ENTRY--TOPICAL TERM | |
| Topical term or geographic name entry element | Vedanta |
| 650 ## - SUBJECT ADDED ENTRY--TOPICAL TERM | |
| Topical term or geographic name entry element | તત્વજ્ઞાન - ભારતીય |
| 650 ## - SUBJECT ADDED ENTRY--TOPICAL TERM | |
| Topical term or geographic name entry element | વેદાંત |
| 650 ## - SUBJECT ADDED ENTRY--TOPICAL TERM | |
| Topical term or geographic name entry element | Philosophy |
| 700 ## - ADDED ENTRY--PERSONAL NAME | |
| Personal name | જ્યોતિદેવી |
| Relator term | trl |
| 700 ## - ADDED ENTRY--PERSONAL NAME | |
| Personal name | Shankaracharya |
| 700 ## - ADDED ENTRY--PERSONAL NAME | |
| Personal name | Jyotidevi |
| 942 ## - ADDED ENTRY ELEMENTS (KOHA) | |
| Koha item type | Book |
| Withdrawn status | Lost status | Source of classification or shelving scheme | Damaged status | Not for loan | Collection code | Home library | Current library | Shelving location | Date acquired | Cost, normal purchase price | Full call number | Barcode | Date last seen | Price effective from | Koha item type |
|---|---|---|---|---|---|---|---|---|---|---|---|---|---|---|---|
| Available | Not Lost | Dewey Decimal Classification | Not for loan | Philosophy | Bhavans Library | Bhavans Library | Archival Section | 08/14/2012 | 5.80 | ક.૪/શંકરા/લઘુ/54348 | 54348 | 03/20/2019 | 03/20/2019 | Book |